Rights of Husband and Wife of in Islam (Record no. 16413)

MARC details
000 -LEADER
fixed length control field 00540nam a2200217 a 4500
020 ## - INTERNATIONAL STANDARD BOOK NUMBER
ISBN 8188822035
082 00 - DEWEY DECIMAL CLASSIFICATION NUMBER
Classification number 340.59
Author Cutter GHA1
100 ## - MAIN ENTRY--AUTHOR NAME
Author name Ghani, M Mufti Abdul
245 ## - TITLE STATEMENT
Title Rights of Husband and Wife of in Islam
260 ## - PUBLICATION, DISTRIBUTION, ETC. (IMPRINT)
Place of publication Delhi
Name of publisher Rightway Pub
Year of publication 2003
300 ## - PHYSICAL DESCRIPTION
Number of Pages 34p
500 ## - GENERAL NOTE
General note includes index and biblioraphy
650 ## - SUBJECT ADDED ENTRY--TOPICAL TERM
Topical Term Islamic-Law
942 ## - ADDED ENTRY ELEMENTS (KOHA)
Koha item type Books
Holdings
Collection code Home library Current library Date acquired Cost, normal purchase price Full call number Accession Number Koha item type
  Henry Martyn Institute Library Henry Martyn Institute Library 10/16/2008 20.00 340.59 GHA1 022514 Books
                   Copyright © 2026 | Henry Martyn Institute | Hyderabad | TS-500052 | INDIA | Implemented by hmi.edu.in
Hit-Count:

Powered by Koha